Sons... sons (Registo nº 40)

Detalhes MARC
000 -Etiqueta do registo
Cabeçalho 01100cam a2200361 4500
005 - Identificador da versão
Campo de controlo 20240813121753.0
095 ## -
-- PTBN00822287
010 ## - Número internacional normalizado dos livros (ISBN)
Número (ISBN) 9729288356
021 ## - Número do Depósito Legal
Código do país PT
Número 99507/96
035 ## - Other System Control Numbers
System Control Number 0000043
System Control Number 0000043
System Control Number 0000043
System Control Number 0000043
100 ## - Dados gerais de processamento
Dados gerais de processamento 19960710d1996 e y0pory5003 ba
102 ## - Pais de publicação ou produção
País de publicação Portugal
101 0# - Língua de publicação
Língua do texto, banda sonora, etc. Português
106 ## - Campo de dados codificados: material textual
Dados codificados do material textual r
105 ## - Campo de dados codificados: livros
Dados codificados dos livros a j 001yy
215 ## - Descrição física 
Indicação específica da natureza do documento e extensão da espécie 68, [3] p.
Outras indicações físicas il.
Dimensões 24 cm
200 1# - Titulo e menção de responsabilidade
Título próprio Sons... sons
Primeira menção de responsabilidade Nadir Martinez Pinto
Outras menções de responsabilidade il. e capa Carlos Matos
-- rev. Maria Luísa Duhau Laborde, Sílvia Elisa Gomes Baptista
210 ## - Publicação, Distribuição, etc. 
Lugar da edição, distribuição, etc. Lisboa
Nome do editor, distribuidor, etc. Portugalmundo
Data da publicação, distribuição, etc. D.L. 1996
606 ## - Nome comum usado como assunto
Número de registo de entrada de autoridade 0000116
Palavra de ordem Educação musical
Subdivisão de assunto [Manuais de ensino]
675 ## - Classificação Decimal Universal (CDU)
Notação 78
Edição BN
Língua da edição por
Notação 371.5(469.331)(05)
Edição BN
Língua da edição por
Edição BN
Língua da edição por
702 ## - Nome de autor-pessoa física (responsabilidade secundária)
Número de registo de entrada de autoridade 0000119
Palavra de ordem Matos
Outra parte do nome não tomada para palavra de ordem Carlos
Código de função Ilustrador / Técnico de desenho computorizado
Número de registo de entrada de autoridade 0000120
Palavra de ordem Baptista
Outra parte do nome não tomada para palavra de ordem Sílvia Elisa Gomes
Código de função Revisor
Número de registo de entrada de autoridade 0000121
Palavra de ordem Laborde
Outra parte do nome não tomada para palavra de ordem Maria Luísa Duhau
Código de função Revisor
700 ## - Nome de autor-pessoa física (responsabilidade principal)
Número de registo de entrada de autoridade 0000118
Palavra de ordem Pinto
Outra parte do nome não tomada para palavra de ordem Nadir Martinez
966 ## - Identificação da Biblioteca
Sigla NUMETECA
942 ## - Elementos de entrada adicionados (Koha)
Tipo de item no Koha Livro
Exemplares
Situação do levantamento Origin of item (home branch) (coded) Biblioteca de empréstimo Código de barras Cota Circulation type (not for loan) Tipo de documento Nota do exemplar Damaged status
  Biblioteca Escolar Eng. Nuno Mergulhão Biblioteca Escolar Eng. Nuno Mergulhão BENM759 78MUS PIN   Livro Sem mensagem